[Event "FIDE Open"]
[Site "Voronezh"]
[Date "2018.06.17"]
[Round "6.70"]
[White "Lebedeva, Ekaterina"]
[Black "Tatarintsev, Mikhail"]
[Result "1/2-1/2"]
[WhiteElo "1503"]
[BlackElo "1681"]
[Annotator ""]
[Source ""]
[Remark ""]

1.e4 c5 2.c3 Nf6 3.e5 Nd5 4.d4 cxd4 5.cxd4 d6 6.Bc4 Nb6 7.Bb3
dxe5 8.dxe5 Qxd1+ 9.Bxd1 Nc6 10.Nf3 Bf5 11.O-O e6 12.Nc3 Be7
13.Bf4 O-O 14.Bb3 Nb4 15.a3 Nd3 16.Be3 Nd7 17.Nd4 Bg6 18.Nxe6
fxe6 19.Bxe6+ Bf7 20.Bxd7 Nxe5 21.Bh3 Nd3 22.Kh1 Bc5 23.Kg1 Be7
24.Kh1 Bc5 25.Kg1 Be7 1/2-1/2

[Event "FIDE Open"]
[Site "Voronezh"]
[Date "2018.06.17"]
[Round "6.71"]
[White "Badtrutdinova, Darya"]
[Black "Pokasova, Irina"]
[Result "1-0"]
[WhiteElo "1604"]
[BlackElo "1311"]
[Annotator ""]
[Source ""]
[Remark ""]

1.d4 d5 2.Nf3 Nf6 3.Bg5 c6 4.Bxf6 exf6 5.e3 Bd6 6.c4 dxc4 7.Bxc4
O-O 8.O-O Qc7 9.Nbd2 Bg4 10.h3 Bxf3 11.Qxf3 Nd7 12.Bd3 g6 13.Rab1
a5 14.a3 Kg7 15.Rfc1 Nb6 16.Qd1 Qe7 17.Qb3 Nd5 18.Be4 a4 19.Qc2
Nb6 20.Bf3 f5 21.g3 Rfc8 22.Qd3 Rd8 23.Kg2 Qd7 24.Qc3 f6 25.Rc2
Be7 26.Rbc1 Nd5 27.Qc4 Nb6 28.Qe2 Re8 29.Nb1 Nd5 30.Qc4 Nb6 31.Qf1
Nd5 32.Nc3 Nxc3 33.Rxc3 Qe6 34.Rc4 Ra5 35.Qd1 Rea8 36.Kh2 R5a7
37.d5 cxd5 38.Bxd5 Qd6 39.Qf3 Rb8 40.Rc7 Kf8 41.Ba2 Qd8 42.Qe2
Kg7 43.Qc4 Qf8 44.Qc5 b6 45.Qb4 Rxc7 46.Rxc7 Re8 47.Qxb6 Kh6
48.Qb7 Qg7 49.Bc4 Qf8 50.Bd5 Rb8 51.Qa7 Rxb2 52.Rxe7 Rxf2+ 53.Kg1
Rd2 54.Rxh7+ Kg5 55.Bf3 f4 56.h4+ Kf5 57.g4+ Ke6 58.Qa6+ Qd6
59.Qc4+ Rd5 60.Bxd5+ Qxd5 61.Re7+ Kxe7 62.Qxd5 1-0

[Event "FIDE Open"]
[Site "Voronezh"]
[Date "2018.06.17"]
[Round "6.72"]
[White "Cherniavskaya, Klara"]
[Black "Pogorelov, Aleksey"]
[Result "0-1"]
[WhiteElo "1357"]
[BlackElo "1569"]
[Annotator ""]
[Source ""]
[Remark ""]

1.e4 e5 2.g3 Nf6 3.Bg2 Bc5 4.h3 d6 5.d3 h6 6.Nd2 Nc6 7.Nb3 Bb6
8.c3 O-O 9.d4 exd4 10.cxd4 Re8 11.f3 a5 12.a4 Be6 13.Ne2 Bc4
14.d5 Nb4 15.Bd2 Nd3+ 16.Kf1 Nf2 17.Qc2 Bxe2+ 18.Kxe2 Nxh1 19.Rxh1
Nxd5 20.Kd1 Nf6 21.Qc4 d5 22.Qe2 Nh5 23.Qe1 dxe4 24.fxe4 Qd3
25.Nc1 Qxg3 26.Qxg3 Nxg3 27.Re1 Bf2 28.Re2 Nxe2 29.Kxe2 Bb6 30.Nd3
f5 0-1

[Event "Fide Open"]
[Site "Voronezh"]
[Date "2018.06.17"]
[Round "6.1"]
[White "Lukovnikov, Alexander"]
[Black "Lebedev, Mikhail S."]
[Result "1/2-1/2"]
[WhiteElo "2153"]
[BlackElo "2103"]
[Annotator ""]
[Source ""]
[Remark ""]

1.e4 c5 2.Nc3 Nc6 3.f4 e6 4.Nf3 d5 5.Bb5 Nge7 6.d3 a6 7.Bxc6+
Nxc6 8.O-O Be7 9.Ne5 Nd4 10.Ne2 Nxe2+ 11.Qxe2 O-O 12.Kh1 f6 13.Nf3
Re8 14.Bd2 Bd7 15.Rae1 Bf8 16.Qf2 dxe4 17.Rxe4 Bc6 18.Re2 Qd5
19.b3 b5 20.Be3 a5 21.Rd2 a4 22.c4 Qf5 23.h3 axb3 24.axb3 Ra3
25.cxb5 Bxb5 26.Rc1 Rxb3 27.Nh4 Qd5 28.Bxc5 Rxd3 29.Rxd3 Qxd3
30.Bxf8 Rxf8 31.Rc7 Qf1+ 32.Qxf1 Bxf1 33.Nf3 Re8 34.Kg1 Bd3 35.Kf2
Be4 36.Nd4 e5 37.Nb5 Bd3 38.Nd6 Rd8 39.fxe5 fxe5 40.Nb7 Rf8+
41.Kg3 Bg6 42.Nc5 Re8 43.Kf3 h6 44.Ke3 Bb1 45.Nb7 Ra8 46.Nc5
Ra3+ 47.Kf2 Ba2 48.Re7 Bd5 49.Rxe5 Ra2+ 50.Ke3 Bxg2 51.h4 Bf1
52.Rf5 Bc4 53.Rf4 Bf7 54.Nd3 Ra3 55.Kd2 Be6 56.Nc5 Bd5 57.Rd4
Ba2 58.Ke2 Rc3 59.Ne4 Rc4 60.Rxc4 Bxc4+ 61.Ke3 Bd5 62.Nc3 Bc6
63.Kf4 Kf7 64.Ne2 Kg6 65.Kg3 Bb7 66.Nf4+ Kf5 67.Ne2 Bd5 68.Nd4+
Ke4 69.Ne2 Bc4 70.Nf4 Bf7 71.Ne2 Bb3 72.Nf4 Bc4 73.Nh5 g6 74.Nf4
Kf5 75.Ng2 Be6 76.Ne3+ Ke4 77.Ng2 Bf5 78.Nf4 Ke5 79.Ng2 Be4 80.Nf4
Bb1 81.Ng2 Bc2 82.Nf4 Be4 83.Ne2 Bc6 84.Nf4 Be8 85.Ne2 Bb5 86.Nf4
Kf5 87.Ng2 Be2 88.Nf4 Bf1 89.Nd5 Ke5 1/2-1/2

[Event "Fide Open"]
[Site "Voronezh"]
[Date "2018.06.17"]
[Round "6.2"]
[White "Novikov, Sergey D"]
[Black "Lilov, Aleksandr"]
[Result "1-0"]
[WhiteElo "2180"]
[BlackElo "2046"]
[Annotator ""]
[Source ""]
[Remark ""]

1.d4 c5 2.d5 g6 3.c4 Bg7 4.e4 d6 5.Nf3 Bg4 6.Be2 Nf6 7.Nc3 O-O
8.O-O Nbd7 9.h3 Bxf3 10.Bxf3 Nb6 11.Be2 e6 12.Qc2 exd5 13.cxd5
Nfd7 14.Bf4 Qe7 15.Rfe1 Rae8 16.Qd2 Ne5 17.Bg5 Bf6 18.Bh6 Bg7
19.Bg5 Bf6 20.Bh6 Bg7 21.Bxg7 Kxg7 22.a4 a6 23.a5 Na8 24.f4 Nd7
25.Bg4 f6 26.Re2 Nc7 27.Rae1 b5 28.axb6 Nxb6 29.Qd3 Qf7 30.Qg3
Nb5 31.Nxb5 axb5 32.Be6 Qe7 33.e5 Nc4 34.b3 Nb6 35.Bg4 fxe5 36.fxe5
Qb7 37.exd6 Rxe2 38.Qc3+ Kh6 39.Rxe2 Qxd5 40.Qe3+ Kg7 41.Qe5+
Qxe5 42.Rxe5 Rd8 43.d7 Kf7 44.Rxc5 Nxd7 45.Rd5 Ke7 46.Rxb5 Kd6
47.Rb7 Ne5 48.Rxh7 1-0

[Event "Fide Open"]
[Site "Voronezh"]
[Date "2018.06.17"]
[Round "6.3"]
[White "Lepaev, Andrey"]
[Black "Garafutdinov, Ainur"]
[Result "1-0"]
[WhiteElo "1992"]
[BlackElo "2122"]
[Annotator ""]
[Source ""]
[Remark ""]

1.d4 f5 2.Nf3 Nf6 3.g3 g6 4.Bg2 Bg7 5.O-O O-O 6.b3 d6 7.Bb2 c6
8.c4 Qc7 9.Nc3 e5 10.dxe5 dxe5 11.e4 f4 12.gxf4 exf4 13.e5 Ng4
14.Re1 Nd7 15.Ba3 Re8 16.Bd6 Qb6 17.Qd2 Ndxe5 18.Nxe5 Rxe5 19.Bxe5
Bxe5 20.Rxe5 Nxe5 21.Qxf4 Nf7 22.Qf6 Qd8 23.Qxd8+ Nxd8 24.Re1
Be6 25.Ne4 Kf8 26.Nd6 Ke7 27.c5 b6 28.Nc4 bxc5 29.Re5 Rc8 30.Rxc5
Rc7 31.Ne3 Kd6 32.Rc2 Nf7 33.Rd2+ Kc5 34.Rc2+ Kb6 35.Nc4+ Bxc4
36.Rxc4 Nd6 37.Rc1 Nf5 38.Be4 Nd4 39.Rc4 Rd7 40.Kg2 a5 41.Rc3
c5 42.a3 Re7 43.Re3 a4 44.bxa4 Ka5 45.f3 Rc7 46.Rc3 Kxa4 47.Kf2
c4 48.Bd5 Kb5 49.Ke3 Nf5+ 50.Kd2 Nd6 51.Rc1 Kc5 52.Be4 Nxe4+
53.fxe4 Kd4 54.Re1 Rb7 55.e5 c3+ 56.Kc2 g5 57.e6 Re7 58.Rd1+
Kc4 59.Re1 Kd4 60.a4 h5 61.a5 Kc5 62.Kxc3 Kb5 63.Re5+ Kc6 64.Rxg5
Rxe6 65.Rxh5 Kb7 66.Rb5+ Ka7 67.h4 Re4 68.h5 Rh4 69.Rc5 Ka6 70.Kd3 1-0

[Event "Fide Open"]
[Site "Voronezh"]
[Date "2018.06.17"]
[Round "6.4"]
[White "Bobkov, Vadim"]
[Black "Artemov, Nikita"]
[Result "0-1"]
[WhiteElo "2058"]
[BlackElo "1970"]
[Annotator ""]
[Source ""]
[Remark ""]

1.d4 Nf6 2.c4 c5 3.d5 g6 4.Nc3 Bg7 5.e4 O-O 6.Be2 d6 7.Bg5 Qa5
8.Bd2 e6 9.Nf3 exd5 10.exd5 Bg4 11.O-O a6 12.h3 Bxf3 13.Bxf3
Nbd7 14.Qc2 Ne5 15.Be2 Ne8 16.a4 Qd8 17.f4 Nd7 18.Rfe1 f5 19.Bf3
Qh4 20.Kh2 Ne5 21.fxe5 Bxe5+ 22.Kg1 Nf6 23.Ne2 Ng4 24.Bc3 Rae8
25.Bxe5 Rxe5 26.Qc3 Re3 27.g3 Qh6 28.Nf4 Rxc3 29.bxc3 Ne5 30.Bg2
g5 31.Ne6 Rf7 32.Nxc5 f4 33.Rxe5 dxe5 34.Ne4 f3 35.Bf1 g4 36.hxg4
Qe3+ 37.Nf2 e4 38.Rd1 Qc5 39.d6 e3 40.d7 Rxd7 41.Rxd7 e2 42.Re7
Qxe7 0-1

[Event "Fide Open"]
[Site "Voronezh"]
[Date "2018.06.17"]
[Round "6.5"]
[White "Kazmin, Semen"]
[Black "Martyntsev, Roman"]
[Result "1-0"]
[WhiteElo "1970"]
[BlackElo "2035"]
[Annotator ""]
[Source ""]
[Remark ""]

1.e4 c5 2.Nf3 Nc6 3.d4 cxd4 4.Nxd4 Nf6 5.Nc3 e5 6.Ndb5 d6 7.Nd5
Nxd5 8.exd5 Ne7 9.c3 Nf5 10.a4 Be7 11.Bd3 O-O 12.O-O g6 13.Kh1
Ng7 14.f4 a6 15.Na3 f5 16.Nc4 exf4 17.Bxf4 g5 18.Be3 f4 19.Bb6
Qd7 20.Bd4 Qg4 21.Qe1 Rf7 22.Nb6 Rb8 23.Bxg7 Kxg7 24.Be2 Qh4
25.Qxh4 gxh4 26.Bh5 Rf8 27.Rae1 Bg5 28.Nxc8 Rbxc8 29.Re6 Rcd8
30.h3 Rf5 31.c4 Rff8 32.b3 Rd7 33.Kg1 Rf6 34.Rd1 Rf8 35.Rd4 Rf6
36.Kf2 Rxe6 37.dxe6 Rd8 38.Rd5 h6 39.Rxg5+ 1-0

[Event "Fide Open"]
[Site "Voronezh"]
[Date "2018.06.17"]
[Round "6.6"]
[White "Kitaev, Roman"]
[Black "Pingin, Artem"]
[Result "1/2-1/2"]
[WhiteElo "2031"]
[BlackElo "1967"]
[Annotator ""]
[Source ""]
[Remark ""]

1.Nf3 d5 2.b3 Bf5 3.Bb2 e6 4.g3 Nf6 5.Bg2 Be7 6.O-O h6 7.d3 O-O
8.c4 c6 9.a3 a5 10.Nbd2 Bh7 11.Qb1 Nbd7 12.Bc3 b5 13.cxb5 cxb5
14.b4 axb4 15.axb4 Nb6 16.Nb3 Na4 17.Bd2 Nd7 18.Na5 Bf6 19.Ra2
Nc3 20.Bxc3 Bxc3 21.Rc1 Bf6 22.Rac2 Nb6 23.Nd2 Na4 24.Ndb3 Bg5
25.Re1 Bf6 26.Rec1 Bg5 27.Re1 Bf6 28.Nc5 Qe7 29.Nxa4 bxa4 30.Rec1
a3 31.Nc6 Qb7 32.b5 a2 33.Rxa2 Rxa2 34.Qxa2 Qxb5 35.Qb1 Qa4 36.Qb4
Qxb4 37.Nxb4 Bg6 38.Bf3 Rb8 39.Na6 Ra8 40.Nc5 Rc8 41.Nb3 Rxc1+
42.Nxc1 Be7 43.e4 dxe4 44.dxe4 f6 45.Ne2 Bf7 46.Nf4 g5 47.Ng2
Bc5 48.h4 Kg7 49.hxg5 hxg5 50.Ne1 f5 51.exf5 exf5 52.g4 fxg4
53.Bxg4 Bd5 1/2-1/2

[Event "Fide Open"]
[Site "Voronezh"]
[Date "2018.06.17"]
[Round "6.7"]
[White "Bruyatskaya, Mariya"]
[Black "Kuzmin, Roman"]
[Result "0-1"]
[WhiteElo "2026"]
[BlackElo "1963"]
[Annotator ""]
[Source ""]
[Remark ""]

1.e4 c5 2.Nf3 e6 3.d4 cxd4 4.Nxd4 a6 5.Nc3 Qc7 6.a3 b5 7.g3 Bb7
8.Bg2 d6 9.O-O Nf6 10.Bg5 Nbd7 11.Qe2 Be7 12.Rad1 O-O 13.h4 h6
14.Bc1 Ne5 15.Bh3 Nc4 16.a4 b4 17.Na2 d5 18.b3 Nb6 19.e5 Ne4
20.Qh5 Bc5 21.Be3 Rae8 22.Qg4 Qxe5 23.Nf3 Qc7 24.Bf4 Qe7 25.Ne5
Nf6 26.Qe2 Nbd7 27.Nd3 e5 28.Bd2 a5 29.Nxc5 Qxc5 30.c3 bxc3 31.Nxc3
d4 32.Nb5 Qc6 33.f3 e4 34.Nxd4 Qb6 35.Qf2 exf3 36.Nb5 Nc5 37.Rfe1
Nfe4 38.Rxe4 Rxe4 39.Be3 Qg6 40.Bxc5 Re2 41.h5 Qxh5 42.Bf1 Rxf2
43.Bxf2 f5 44.Rd7 Bc6 45.Rc7 Rf6 46.Nd4 Be4 47.Bc4+ Kh8 48.Rd7
Qh3 49.Bf1 Qg4 50.Re7 h5 51.Re8+ Kh7 52.Kh2 h4 53.gxh4 Rh6 54.Bh3
Rxh4 55.Bxh4 Qxh4 56.Rxe4 fxe4 0-1

[Event "Fide Open"]
[Site "Voronezh"]
[Date "2018.06.17"]
[Round "6.8"]
[White "Kulpin, Dmitriy"]
[Black "Kutyanina, Mariya"]
[Result "1-0"]
[WhiteElo "1954"]
[BlackElo "2021"]
[Annotator ""]
[Source ""]
[Remark ""]

1.d4 Nf6 2.Nf3 e6 3.g3 d5 4.c4 Be7 5.Bg2 O-O 6.O-O b6 7.Nc3 Bb7
8.Ne5 Nbd7 9.cxd5 Nxd5 10.Nxd5 exd5 11.Bf4 Nxe5 12.Bxe5 Re8 13.Rc1
c5 14.Re1 Bg5 15.e3 c4 16.f4 Be7 17.f5 Bb4 18.Rf1 f6 19.Bf4 Ba6
20.Rf2 Qd7 21.g4 Bd6 22.Bxd5+ Kh8 23.Bxa8 Bxf4 24.Rxf4 Rxa8 25.e4
Rd8 26.d5 Qd6 27.Qd2 Qe5 28.Re1 Bb5 29.Rf2 Rc8 30.Qc3 Qd6 31.Kg2
Re8 32.Qd4 Qb4 33.Re3 Qd6 34.g5 Qe5 35.Qxe5 Rxe5 36.gxf6 gxf6
37.Kf3 Bd7 38.Kf4 1-0

[Event "Fide Open"]
[Site "Voronezh"]
[Date "2018.06.17"]
[Round "6.9"]
[White "Provkin, Vladimir"]
[Black "Zisin, Oleg"]
[Result "1-0"]
[WhiteElo "2182"]
[BlackElo "2012"]
[Annotator ""]
[Source ""]
[Remark ""]

1.d4 Nf6 2.Bg5 Ne4 3.Bf4 c5 4.f3 Qa5+ 5.c3 Nf6 6.d5 Qb6 7.Bc1
e6 8.e4 exd5 9.exd5 Be7 10.Bc4 d6 11.Ne2 Bf5 12.Nd2 Nbd7 13.a4
Ne5 14.a5 Qc7 15.O-O O-O 16.Ng3 Bd3 17.Bxd3 Nxd3 18.Nc4 Nxc1
19.Rxc1 Rfe8 20.Qd3 g6 21.Ne4 Nd7 22.f4 f5 23.Nf2 Nf8 24.g4 Qd7
25.h3 Bh4 26.Rc2 Re7 27.Nd1 fxg4 28.hxg4 Qxg4+ 29.Rg2 Qd7 30.Nde3
Kh8 31.f5 Rf7 32.Qe4 Bf6 33.Qf4 Re7 34.fxg6 Be5 35.Nxe5 dxe5
36.g7+ Rxg7 37.Qxf8+ 1-0

[Event "Fide Open"]
[Site "Voronezh"]
[Date "2018.06.17"]
[Round "6.10"]
[White "Kolomensky, Vladimir"]
[Black "Nesterov, Andrey"]
[Result "1-0"]
[WhiteElo "2120"]
[BlackElo "2010"]
[Annotator ""]
[Source ""]
[Remark ""]

1.e4 c5 2.Nf3 d6 3.d4 cxd4 4.Nxd4 Nf6 5.Nc3 g6 6.Be2 Bg7 7.O-O
O-O 8.Bg5 Nc6 9.Nb3 Be6 10.Re1 Re8 11.Bf1 Rc8 12.Nd5 Nxd5 13.exd5
Bxd5 14.Qxd5 Nb4 15.Qxb7 Nxc2 16.Rxe7 Rb8 17.Qxa7 Ra8 18.Qb7
Rb8 19.Qe4 Nxa1 20.Rxe8+ Qxe8 21.Qxe8+ Rxe8 22.Nxa1 Bxb2 23.Nc2
d5 24.Bb5 Rc8 25.Nb4 Ba3 26.Nc6 Kg7 27.Kf1 f6 28.Be3 Kf7 29.Ke2
Ke6 30.Kd3 Kd6 31.Na7 Ra8 32.Ba4 Ke6 33.Bc6 Rb8 34.Nb5 Bb2 35.a4
d4 36.Bf4 Rb6 37.Be4 f5 38.Bf3 Ke7 39.Bd2 Ke6 40.Kc4 Rb8 41.a5
Rc8+ 42.Kd3 Bc3 43.a6 1-0

[Event "Fide Open"]
[Site "Voronezh"]
[Date "2018.06.17"]
[Round "6.11"]
[White "Khajrutdinov, Ildar"]
[Black "Tikhonov, Viacheslav"]
[Result "0-1"]
[WhiteElo "2106"]
[BlackElo "1993"]
[Annotator ""]
[Source ""]
[Remark ""]

1.Nf3 c5 2.g3 Nc6 3.Bg2 g6 4.O-O Bg7 5.c4 e5 6.Nc3 Nge7 7.Ne1
O-O 8.Nc2 Nd4 9.Ne3 d6 10.Ned5 Rb8 11.e3 Ne6 12.a3 a6 13.b4 cxb4
14.axb4 b5 15.Nxe7+ Qxe7 16.cxb5 axb5 17.Ra5 Nc7 18.Ra7 Qd8 19.Bb2
d5 20.Qa1 Rb7 21.Rc1 Qd6 22.Rxb7 Bxb7 23.Qa7 Bc6 24.Ne2 Ra8 25.Qb6
Ra6 26.Qb8+ Ne8 27.Qc8 Bd7 28.Qc5 Ra2 29.Bc3 Qxc5 30.bxc5 Bc6
31.Ra1 Rxa1+ 32.Bxa1 b4 33.d4 Bb5 34.Bf1 Bxe2 35.Bxe2 exd4 36.exd4
Nc7 37.Bf3 Kf8 38.Kf1 Ke7 39.Ke2 Ke6 40.Kd3 Na6 41.Bg4+ f5 42.Bd1
Nxc5+ 43.dxc5 Bxa1 44.Ba4 Bc3 45.f3 g5 46.h3 Be1 47.g4 fxg4 48.hxg4
Bf2 49.c6 Bb6 50.Ke2 Ke5 51.Kd3 Kf4 52.Ke2 h6 53.Bb3 Ke5 54.Kd3
Kd6 55.Ba4 Kc5 56.Kc2 Kd4 57.Bb3 Bc7 58.Kd2 Bf4+ 59.Kc2 Kc5 60.Ba4
Kc4 61.Bb3+ Kd4 62.Kb2 Kc5 63.Ba4 d4 64.Kc2 Kc4 65.Bb3+ Kb5 66.Kd3
Kc5 67.Ba4 Bc7 68.Bb3 Bb6 69.Ba4 Bd8 70.Bb3 Bc7 71.Ba4 Bb6 72.Bb3
Kxc6 73.Kc4 Kd6 74.Kxb4 Ke5 75.Bc2 Kf4 76.Be4 h5 77.gxh5 g4 78.h6
Bd8 79.h7 Bf6 80.Bd3 g3 81.Bf1 Kxf3 0-1

[Event "Fide Open"]
[Site "Voronezh"]
[Date "2018.06.17"]
[Round "6.12"]
[White "Yakimenko, Alexander A."]
[Black "Napalkov, Vladimir"]
[Result "1-0"]
[WhiteElo "2094"]
[BlackElo "2005"]
[Annotator ""]
[Source ""]
[Remark ""]

1.e4 c6 2.d3 d5 3.Nd2 Nf6 4.e5 Nfd7 5.Ngf3 e6 6.Be2 c5 7.c3 Nc6
8.d4 cxd4 9.cxd4 Qb6 10.Nb3 a5 11.a4 Bb4+ 12.Kf1 O-O 13.g3 f6
14.exf6 Nxf6 15.Kg2 Bd7 16.Be3 Be8 17.Ne5 Ne4 18.Rf1 Bd6 19.Bb5
Qc7 20.f3 Nf6 21.f4 Bxe5 22.dxe5 Bh5 23.Be2 Bxe2 24.Qxe2 Ne4
25.Rac1 Qd7 26.Qb5 Rfd8 27.Bb6 Re8 28.Nxa5 Qf7 29.Nxc6 bxc6 30.Qxc6
Qh5 31.Qc2 Rec8 32.Qxc8+ Rxc8 33.Rxc8+ Kf7 34.Rc2 Qg4 35.a5 h5
36.Rf3 Kg6 37.a6 Qf5 38.a7 Ng5 39.fxg5 Qxc2+ 40.Kg1 Qc6 41.Bd4
Qc1+ 42.Rf1 Qc8 43.Ra1 Qa8 44.b4 Kf5 45.b5 Ke4 46.b6 Kxd4 47.b7
Qxb7 48.a8Q Qxa8 49.Rxa8 Kxe5 50.Rg8 1-0

[Event "Fide Open"]
[Site "Voronezh"]
[Date "2018.06.17"]
[Round "6.13"]
[White "Nakonechny, Ignat"]
[Black "Markevich, Arseniy"]
[Result "1-0"]
[WhiteElo "1890"]
[BlackElo "2076"]
[Annotator ""]
[Source ""]
[Remark ""]

1.e4 e6 2.d4 d5 3.Nc3 Nf6 4.e5 Ng8 5.f4 b6 6.Nf3 Bb7 7.Be3 Qd7
8.Bd3 Nc6 9.O-O O-O-O 10.a3 h5 11.b4 Nh6 12.Kh1 Ne7 13.Ne2 Nef5
14.Bg1 h4 15.h3 f6 16.Qd2 Qf7 17.a4 Be7 18.a5 Qh5 19.axb6 axb6
20.Ra7 c6 21.Qc3 Rd7 22.Rfa1 Bd8 23.Ba6 Ne7 24.Ra8+ Kc7 25.Bxb7 1-0

[Event "Fide Open"]
[Site "Voronezh"]
[Date "2018.06.17"]
[Round "6.14"]
[White "Selensky, Andrey"]
[Black "Gutsulyak, Nikolay"]
[Result "1/2-1/2"]
[WhiteElo "2040"]
[BlackElo "1953"]
[Annotator ""]
[Source ""]
[Remark ""]

1.d4 e6 2.Nf3 f5 3.Bf4 Nf6 4.h3 b6 5.Nbd2 Bb7 6.e3 Be7 7.Bc4
Ne4 8.Qe2 Bf6 9.Rg1 d5 10.Bb5+ c6 11.Bd3 Nd7 12.g4 c5 13.gxf5
exf5 14.Ne5 Bxe5 15.dxe5 Qe7 16.Bb5 O-O 17.Nxe4 fxe4 18.Qh5 a6
19.Bxd7 Qxd7 20.e6 Qxe6 21.O-O-O Rf7 22.Rg5 Rd8 23.Rdg1 d4 24.Be5
Rdd7 25.Bf4 Rd5 26.Rxd5 Qxd5 27.Be5 Bc6 28.Qg5 g6 29.exd4 cxd4
30.h4 Rxf2 31.h5 Qc4 32.Qd8+ Rf8 33.Qxd4 Rf1+ 34.Rxf1 Qxf1+ 35.Qd1
Qxd1+ 36.Kxd1 gxh5 37.Bg3 Kf7 38.Ke2 Kg6 39.Ke3 Kg5 40.Bf4+ Kg4
41.Bc7 b5 42.Kf2 h4 43.a3 h5 44.b3 h3 45.Bh2 Bd5 46.Ke3 h4 47.b4
Bc6 48.Kf2 Bb7 49.Ke3 Bd5 50.Kf2 1/2-1/2

[Event "FIDE Open"]
[Site "Voronezh"]
[Date "2018.06.18"]
[Round "7.15"]
[White "Kutyanina, Mariya"]
[Black "Ioffe, Evgeny"]
[Result "0-1"]
[WhiteElo "2021"]
[BlackElo "2079"]
[Annotator ""]
[Source ""]
[Remark ""]

1.e4 c6 2.d4 d5 3.exd5 cxd5 4.Bd3 Nc6 5.c3 Nf6 6.h3 g6 7.Nf3
Bg7 8.O-O Bf5 9.Re1 Bxd3 10.Qxd3 O-O 11.Nbd2 Rc8 12.Ne5 e6 13.f4
a6 14.g4 Re8 15.g5 Nh5 16.Nf1 Ne7 17.Qf3 Nf5 18.Bd2 b5 19.a3
a5 20.Qd3 Qb6 21.Nh2 Nhg3 22.Nhg4 Ne4 23.Be3 Qb7 24.Rac1 Rc7
25.Bf2 Rec8 26.h4 b4 27.axb4 axb4 28.c4 Nxf2 29.Kxf2 dxc4 30.Qe4
Qxe4 31.Rxe4 c3 32.bxc3 bxc3 33.Nf3 c2 34.Nf6+ Bxf6 35.gxf6 Rc4
36.Ke1 Rd8 37.Re2 Nxd4 38.Nxd4 Rcxd4 39.Rexc2 Re4+ 40.Re2 Rxf4
41.Rf2 Rxh4 42.Rc7 h5 43.Ke2 Rhd4 44.Kf1 R4d5 45.Kg2 g5 46.Kg3
R8d7 47.Rxd7 Rxd7 48.Rh2 Rd3+ 0-1

[Event "FIDE Open"]
[Site "Voronezh"]
[Date "2018.06.18"]
[Round "7.16"]
[White "Gutsulyak, Nikolay"]
[Black "Bobkov, Vadim"]
[Result "1/2-1/2"]
[WhiteElo "1953"]
[BlackElo "2058"]
[Annotator ""]
[Source ""]
[Remark ""]

1.e4 Nc6 2.Nc3 d6 3.f4 g6 4.Bc4 Bg7 5.Nf3 Nf6 6.d3 O-O 7.O-O
Na5 8.Bb3 a6 9.Qe1 Bg4 10.Qh4 Nxb3 11.axb3 Qd7 12.f5 gxf5 13.Bh6
Bh5 14.Bxg7 Kxg7 15.e5 dxe5 16.Nxe5 Qd6 17.Rxf5 Bg6 18.Nxg6 hxg6
19.Rf4 Rh8 20.Qf2 g5 21.Rf5 Qxh2+ 22.Kf1 Qh1+ 23.Qg1 Kg6 24.Raa5
b5 25.Rc5 Qh4 26.Qf2 Qg4 27.Qf3 Rh1+ 28.Ke2 Qh4 29.Qf2 Qg4+ 30.Qf3
Qh4 31.Qf2 Qh5+ 32.Kd2 e6 33.Rxc7 Qh2 34.Rb7 Rg1 35.Ne2 Rxg2
36.Qf1 Qd6 37.Kc1 1/2-1/2

[Event "FIDE Open"]
[Site "Voronezh"]
[Date "2018.06.18"]
[Round "7.17"]
[White "Tverdokhleb, Aleksandr"]
[Black "Bitkinin, Lenar"]
[Result "1-0"]
[WhiteElo "1889"]
[BlackElo "2055"]
[Annotator ""]
[Source ""]
[Remark ""]

1.e4 c5 2.Nf3 d6 3.Bb5+ Bd7 4.Bxd7+ Qxd7 5.O-O Nc6 6.c3 Nf6 7.Qe2
g6 8.d4 cxd4 9.cxd4 Bg7 10.Nc3 O-O 11.Rd1 Rfc8 12.h3 a6 13.Bf4
Nd8 14.e5 Ne8 15.Nd5 Ne6 16.Bh2 Qd8 17.a4 b6 18.b4 a5 19.Rab1
Rab8 20.b5 Qd7 21.exd6 exd6 22.Rbc1 Rxc1 23.Rxc1 Nxd4 24.Nxd4
Bxd4 25.Ne7+ Kf8 26.Nc6 Rc8 27.Qd2 Bc5 28.Qh6+ Kg8 29.Re1 d5
30.Be5 Bf8 31.Qe3 Nd6 32.Qxb6 Ne4 33.Bd4 Ra8 34.Ne5 Qf5 35.Qc6
Rd8 36.b6 Bb4 37.Rf1 Nd2 38.Rd1 Nb3 39.Nf3 Nxd4 40.Rxd4 Qb1+
41.Kh2 Bd6+ 42.g3 Qf1 43.Rd2 Bb4 44.Rc2 d4 45.b7 d3 46.Qc8 dxc2
47.Qxd8+ Bf8 48.Qxf8+ Kxf8 49.b8Q+ Kg7 1-0

[Event "FIDE Open"]
[Site "Voronezh"]
[Date "2018.06.18"]
[Round "7.18"]
[White "Sobina, Pavel"]
[Black "Mikhnenko, Alexander"]
[Result "0-1"]
[WhiteElo "2199"]
[BlackElo "1945"]
[Annotator ""]
[Source ""]
[Remark ""]

1.e4 c6 2.d4 d5 3.e5 Bf5 4.Nc3 h5 5.Bd3 Bxd3 6.Qxd3 e6 7.Nf3
Nh6 8.Bg5 Be7 9.Bxe7 Qxe7 10.O-O-O Nd7 11.h3 O-O-O 12.Rhg1 Nf5
13.g4 hxg4 14.hxg4 Nh4 15.g5 Nf8 16.Ne2 Nfg6 17.Kb1 Nf5 18.Rh1
Kb8 19.Ng3 Nxg3 20.fxg3 Rdg8 21.c3 Qd8 22.Qd2 Rxh1 23.Rxh1 Rh8
24.Rh2 Rxh2 25.Qxh2 Qh8 26.Qxh8+ Nxh8 27.Kc2 Kc7 28.Kd3 Kd7 29.c4
Ng6 30.c5 Ne7 31.Nh4 g6 32.g4 Kc7 33.Kc3 b6 34.Ng2 Nc8 35.Nf4
a5 36.cxb6+ Nxb6 37.b3 Nd7 38.Nd3 Kb6 39.Nf4 c5 40.Nd3 cxd4+
41.Kxd4 Nb8 42.Kc3 Na6 43.Nf2 Nc5 44.b4 axb4+ 45.Kxb4 Na6+ 46.Kc3
Kb5 47.Nd3 Nc5 48.Nf2 Ka4 49.Kd4 Kb4 50.Nd1 Ne4 51.Ne3 Nxg5 52.Nc2+
Kb5 53.Ke3 Ne4 54.Nd4+ Kc5 55.Nb3+ Kc4 56.Na5+ Kc3 57.Nc6 Nd2
58.a4 Nc4+ 59.Kf4 d4 60.a5 d3 61.a6 d2 62.a7 Nb6 63.Kg5 d1Q 0-1

[Event "FIDE Open"]
[Site "Voronezh"]
[Date "2018.06.18"]
[Round "7.19"]
[White "Leolko, Ludmila"]
[Black "Khajrutdinov, Ildar"]
[Result "0-1"]
[WhiteElo "1901"]
[BlackElo "2106"]
[Annotator ""]
[Source ""]
[Remark ""]

1.e4 c5 2.Nf3 e6 3.d4 cxd4 4.Nxd4 a6 5.g3 Qc7 6.Bg2 b6 7.O-O
Bb7 8.Qe2 d6 9.c4 Nf6 10.Nc3 Be7 11.Be3 Nbd7 12.f4 Rc8 13.b3
O-O 14.Rac1 Nc5 15.Bf2 Qb8 16.b4 Ncd7 17.f5 exf5 18.Nxf5 Rfe8
19.Nd5 Bf8 20.Bd4 Bxd5 21.cxd5 b5 22.Rxc8 Qxc8 23.Nh6+ gxh6 24.Bxf6
Nxf6 25.Rxf6 Qd7 26.Rf1 Bg7 27.Qh5 Qa7+ 28.Kh1 Rc8 29.e5 dxe5
30.Qf5 Rd8 31.Be4 Kf8 32.Qf3 Rd6 33.Qc3 Qd7 34.Bf5 Qb7 35.Be6
Rxe6 36.Qc5+ Kg8 37.Kg1 Bf8 38.Qf2 Rd6 39.Rc1 Qxd5 40.Rc7 Qd1+
41.Qf1 Qxf1+ 42.Kxf1 Rd2 0-1

[Event "FIDE Open"]
[Site "Voronezh"]
[Date "2018.06.18"]
[Round "7.20"]
[White "Bukatin, Arseny"]
[Black "Popelyshev, Igor V."]
[Result "0-1"]
[WhiteElo "1894"]
[BlackElo "2095"]
[Annotator ""]
[Source ""]
[Remark ""]

1.e4 c5 2.Nf3 Nf6 3.Nc3 Nc6 4.d4 d5 5.exd5 Nxd5 6.Bc4 Nxc3 7.bxc3
e6 8.O-O Be7 9.Be3 O-O 10.Qd2 Qa5 11.Rfd1 Bf6 12.Qd3 cxd4 13.cxd4
b6 14.c3 Bb7 15.Rab1 Qh5 16.Bf4 Rfd8 17.Qe3 Ne7 18.Be2 Nd5 19.Qd2
Nxf4 20.Qxf4 Rac8 21.Rbc1 b5 22.Qe3 Qd5 23.Rc2 h6 24.Ne1 Bc6
25.Bf3 Qc4 26.Rb2 Qa4 27.Be2 a6 28.Nd3 Bd5 29.Nb4 Bc4 30.Bf3
Be7 31.Qd2 0-1

[Event "FIDE Open"]
[Site "Voronezh"]
[Date "2018.06.18"]
[Round "7.21"]
[White "Markevich, Arseniy"]
[Black "Pivina, Mariya"]
[Result "0-1"]
[WhiteElo "2076"]
[BlackElo "1941"]
[Annotator ""]
[Source ""]
[Remark ""]

1.Nc3 d5 2.e4 dxe4 3.Nxe4 Nf6 4.Nxf6+ exf6 5.Nf3 Bd6 6.d4 O-O
7.Be2 Bg4 8.O-O Nc6 9.c3 Ne7 10.h3 Be6 11.Re1 c6 12.a4 a5 13.Bd3
h6 14.Bc2 Qc8 15.Re4 Bf5 16.Rh4 Ng6 17.Rh5 Bxc2 18.Qxc2 Re8 19.Bd2
Re2 20.Re1 Qe6 21.Qd1 Rxe1+ 22.Nxe1 b6 23.b4 axb4 24.cxb4 Qc4
25.a5 Bxb4 26.axb6 Qxd4 27.Nf3 Ra1 28.Nxd4 Rxd1+ 29.Kh2 Rxd2
30.Nxc6 Bd6+ 31.g3 Rxf2+ 32.Kg1 Rb2 33.Rd5 Bf8 0-1

[Event "FIDE Open"]
[Site "Voronezh"]
[Date "2018.06.18"]
[Round "7.22"]
[White "Katyshkina, Anastasia"]
[Black "Gulko, Oleg"]
[Result "0-1"]
[WhiteElo "2035"]
[BlackElo "1883"]
[Annotator ""]
[Source ""]
[Remark ""]

1.e4 c6 2.c4 d5 3.exd5 cxd5 4.cxd5 Nf6 5.Nc3 Nxd5 6.Nf3 e6 7.Bb5+
Bd7 8.Qb3 Bxb5 9.Qxb5+ Qd7 10.Nxd5 exd5 11.Qxd7+ Nxd7 12.O-O
f6 13.d4 Bd6 14.Re1+ Kf7 15.Be3 Rac8 16.Rac1 b5 17.Nd2 Nb6 18.Nb3
Na4 19.Nc5 Nxb2 20.Rb1 Bxc5 21.dxc5 Nc4 22.Rxb5 a6 23.Rb7+ Kg6
24.Bd4 Rhe8 25.Rbe7 Ne5 26.Rxe8 Rxe8 27.Kf1 Kf5 28.h3 h5 29.Re3
Rc8 30.Ra3 Ke4 31.Be3 Nc4 32.Ra4 Kd3 33.Rxa6 d4 34.Bxd4 Kxd4
35.Ra7 g5 36.Rf7 Rc6 37.g3 Ke4 38.Kg2 Kf5 0-1

[Event "FIDE Open"]
[Site "Voronezh"]
[Date "2018.06.18"]
[Round "7.23"]
[White "Moshkin, Mikhail"]
[Black "Katkov, Vitaly"]
[Result "1/2-1/2"]
[WhiteElo "1766"]
[BlackElo "2018"]
[Annotator ""]
[Source ""]
[Remark ""]

1.e4 e5 2.Nf3 Nc6 3.Nc3 Bc5 4.Nxe5 Bxf2+ 5.Kxf2 Nxe5 6.d4 Ng6
7.Be3 N8e7 8.Bd3 d5 9.exd5 Nxd5 10.Nxd5 Qxd5 11.Qf3 Qd6 12.Rhe1
O-O 13.Kg1 Be6 14.c4 c6 15.Rad1 f5 16.b3 f4 17.Bf2 Qd7 18.h3
Rae8 19.Bxg6 hxg6 20.Re5 a6 21.Rde1 b5 22.d5 cxd5 23.cxd5 Bf7
24.Rxe8 Bxe8 25.Bc5 Rf5 26.b4 Bf7 27.d6 Bd5 28.Qe2 Kh7 29.Qe7
Rf7 30.Qxd7 Rxd7 31.Re7 Bc6 32.Kf2 g5 33.Re5 Kg6 34.a3 Rd8 35.Re7
Rd7 36.Re5 Rf7 37.Re7 Rxe7 38.dxe7 Kf5 39.Ke2 g4 40.hxg4+ Kxg4
41.Kf2 Kf5 42.Kf1 Ke4 43.Ke2 g5 44.Kd2 Be8 45.Ke2 Bh5+ 46.Kf2
Kd3 47.g3 Kc4 48.Bd6 fxg3+ 49.Kxg3 Kb3 50.e8Q Bxe8 51.Kg4 Bd7+
52.Kxg5 1/2-1/2